• AIU
  • Tony Wilmot Memorial Library
Normal view MARC view

Entry Topical Term

Number of records used in: 1

001 - CONTROL NUMBER

  • control field: 32108

003 - CONTROL NUMBER IDENTIFIER

  • control field: OSt

005 - DATE AND TIME OF LATEST TRANSACTION

  • control field: 20141003164407.0

008 - FIXED-LENGTH DATA ELEMENTS

  • fixed length control field: 141003|| aca||aabn | a|a d

040 ## - CATALOGING SOURCE

  • Original cataloging agency: OSt
  • Transcribing agency: OSt

600 ## -

  • : Computers
  • : Maintenance and repair.

670 ## - SOURCE DATA FOUND

  • Source citation: Work cat.: (OSt): 32107 Rosenthal, Morris., Computer repair with diagnostic flowcharts, c2013.